000 00329nam a22001217a 4500
008 180607b xxu||||| |||| 00| 0 eng d
041 _aeng
080 _a043.3
100 _a0
101 _aMEK-MA
245 _aImpact of Electricity Instability and EoL Management. Special Case: Republic of Kosova
_cMulaku, L
942 _2udc
_cBK
999 _c46561
_d46561